| 000 | 01395cam a2200301 i 4500 | ||
|---|---|---|---|
| 003 | SA-RiAUC | ||
| 005 | 20250418151153.0 | ||
| 008 | 250104s1990 ua g 000r0cara c | ||
| 040 |
_aSA-JeALM _bara _cSA-RiAUC _erda |
||
| 043 | _aa-su--- | ||
| 082 | 0 | 4 |
_a920.0531 _qSA-RiAUC |
| 090 |
_a920.0531 _bم غ ر |
||
| 100 | 1 |
_aمغربي، محمد علي عبد الواحد، _d1333-1417 هجري _eمؤلف. |
|
| 245 | 1 | 0 |
_aأعلام الحجاز في القرن الرابع عشر للهجرة وبعض القرون الماضية 1301-1400 هـ. / 1883-1980 م. / _cمحمد علي مغربي. |
| 250 | _aالطبعة الأولى. | ||
| 264 | 1 |
_a[مكان النشر غير محدد] : _b[الناشر غير محدد]، _c1990 |
|
| 264 | 3 |
_aالقاهرة : _bمطبعة المدني |
|
| 300 |
_aمجلد ؛ _c24 سم |
||
| 336 |
_aنص _btxt _2rdacontent _3كتاب |
||
| 337 |
_aبدون وسيط _bn _2rdamedia |
||
| 338 |
_aمجلد _bnc _2rdacarrier |
||
| 500 | _aاهداء من المؤلف محمد علي مغربي بتاريخ 11 شعبان 1410 هـ | ||
| 500 | _aملاحظات من الشيخ الدكتور عبدالوهاب سليمان رحمه الله بداخل الكتاب | ||
| 651 | 7 |
_aالسعودية _vتراجم _2aucsh |
|
| 651 | 7 |
_aالحجاز (السعودية) _vتراجم _2aucsh |
|
| 942 |
_2ddc _cBOOK _n0 |
||
| 949 |
_aSA-JeALM _d250104 _uosman123 _n1 |
||
| 999 |
_c5307 _d5307 |
||